00638nab a22001697a 4500003000400000005001700004008004100021040000700062100002400069245006200093260004200155300001100197500003700208505008900245650002000334773011400354OSt20260225100457.0190506c xxu||||| |||| 00| 0 spa d cPJ aBachiller, Sergio 10a60 años con el derecho del trabajo /cSergio Bachiller. aBuenos Aires :bAbeledoPerrot,c2024. ap. 3-6 aCita: TR LALEY AR/DOC/3176/2024. t¿Te interesa el texto completo? Comunicate al correo: koha@justierradelfuego.gov.ar 0aDERECHO LABORAL0 02751dBuenos Aires : AbeledoPerrot, 2013-tRevista de derecho laboral y seguridad social. Nº 2 - Enero 2025